000 01221cam a2200385 4500
999 _c23451
_d23451
001 vtls011823698
005 20221011074421.0
008 210624s2018 xo gr 010 f slo
020 _a9788055163277
_q(viazané)
035 _aurn:nbn:sk:snk-am00e94t
035 _aurn:nbn:sk:snk-am3ig92
035 _aD5563687-48EF-41E1-BBC6-8A8A8A1C778B
040 _aSVKBB
_bslo
_cSVKBB
_dSNK
_erda
041 1 _aslo
_heng
044 _axo
_cSK
072 7 _a821.111(73)-3
_xAmerická próza
_2konspekt
080 _a821.111(73)-31
_22011
080 _a(0:82-312.4)
_22011
100 1 _aHamilton, Steve
_4aut
_93671
240 1 0 _aExit strategy
_lSlovensky
245 1 0 _aPlán úteku
_cSteve Hamilton ; preložil Matúš Kyčina
264 1 _aBratislava
_bIkar
_c2018
300 _a277 strán
_c21 cm
336 _atext
_btxt
_2rdacontent
337 _abez média
_bn
_2rdamedia
338 _azväzok
_bnc
_2rdacarrier
500 _aPreložené z angličtiny
655 7 _aamerické romány
_2SNKPH
_92
655 7 _aAmerican novels
_2SNKPHeng
_91670
655 7 _atrilery (romány)
_2SNKPH
_92135
655 7 _aThrillers (novels)
_2SNKPHeng
_91722
700 1 _aKyčina, Matúš
_4trl
_91719
958 _aLX
958 _aUP